[Event "Qinhuangdao op 1st"]
[Site "Qinhuangdao"]
[Date "2011.10.03"]
[Round "4"]
[White "Arutinian, David"]
[Black "Zhang, Ziyang"]
[Result "0-1"]
[WhiteElo "2577"]
[BlackElo "2414"]
[PlyCount "66"]
[EventDate "2011.10.01"]
[EventType "swiss"]
[EventRounds "9"]
[EventCountry "CHN"]
[SourceTitle "CBM 144 Extra"]
[Source "ChessBase"]
[SourceDate "2011.10.28"]
[SourceVersion "1"]
[SourceVersionDate "2011.10.28"]
[SourceQuality "1"]

1. c4 Nf6 2. Nc3 e6 3. d4 d5 4. cxd5 exd5 5. Bg5 c6 6. e3 h6 7. Bh4 Bf5 8. Qb3 g5 9. Bg3 Qb6 10. Nge2 Nbd7 11. f3 Qxb3 12. axb3 a6 13. Kd2 Bg7 14. Bd6 Bg6 15. Na4 Bf8 16. Bxf8 Kxf8 17. b4 Kg7 18. Nc1 Rhe8 19. Nb3 Re7 20. Ra3 Ne8 21. Nac5 Nd6 22. Nxd7 Rxd7 23. h4 Re8 24. hxg5 hxg5 25. g4 Rde7 26. Nc5 f5 27. gxf5 Nxf5 28. e4 dxe4 29. fxe4 Nxd4 30. Rg1 b6 31. Na4 Rd8 32. Kc1 Rxe4 33. Bd3 Re3 0-1

[Event "Qinhuangdao op 1st"]
[Site "Qinhuangdao"]
[Date "2011.10.02"]
[Round "3"]
[White "Zhang, Ziyang"]
[Black "Wen, Yang"]
[Result "1/2-1/2"]
[WhiteElo "2414"]
[BlackElo "2547"]
[PlyCount "66"]
[EventDate "2011.10.01"]
[EventType "swiss"]
[EventRounds "9"]
[EventCountry "CHN"]
[SourceTitle "CBM 144 Extra"]
[Source "ChessBase"]
[SourceDate "2011.10.28"]
[SourceVersion "1"]
[SourceVersionDate "2011.10.28"]
[SourceQuality "1"]

1. d4 Nf6 2. Nf3 g6 3. g3 Bg7 4. Bg2 0-0 5. 0-0 d6 6. c4 Nc6 7. Nc3 Rb8 8. b3 a6 9. Bb2 b5 10. cxb5 axb5 11. Rc1 Na5 12. Qc2 b4 13. Ne4 Nxe4 14. Qxe4 c6 15. Rfd1 Bf5 16. Qh4 h6 17. Qf4 Qd7 18. e4 Bh3 19. Bxh3 Qxh3 20. e5 Rb5 21. Rc2 Rd5 22. Re1 f5 23. Qh4 Qxh4 24. Nxh4 Kh7 25. exd6 exd6 26. Re7 g5 27. Ng2 f4 28. g4 Kg8 29. Ne1 Rf7 30. Re8+ Rf8 31. Re7 Rf7 32. Re8+ Rf8 33. Re7 Rf7 1/2-1/2

[Event "CHN-ch"]
[Site "Xinghua Jiangsu"]
[Date "2011.04.09"]
[Round "10"]
[White "Zhang, Ziyang"]
[Black "Bu, Xiangzhi"]
[Result "0-1"]
[WhiteElo "2442"]
[BlackElo "2677"]
[PlyCount "74"]
[EventDate "2011.03.30"]
[EventType "tourn"]
[EventRounds "11"]
[EventCountry "CHN"]
[EventCategory "15"]
[SourceTitle "CBM 142"]
[Source "ChessBase"]
[SourceDate "2011.05.17"]
[SourceVersion "1"]
[SourceVersionDate "2011.05.17"]
[SourceQuality "1"]

1. d4 Nf6 2. Nf3 e6 3. c4 c5 4. d5 exd5 5. cxd5 d6 6. Nc3 g6 7. Bf4 Bg7 8. h3 0-0 9. e3 Na6 10. Be2 Nc7 11. 0-0 Re8 12. Bg3 Bf5 13. Nd2 Ne4 14. Ndxe4 Bxe4 15. Bd3 Bxc3 16. bxc3 Nxd5 17. Qd2 Nf6 18. Bh4 Qe7 19. Rfd1 Bc6 20. Rab1 Qe6 21. Bxf6 Qxf6 22. Bb5 d5 23. Bxc6 bxc6 24. Rb7 Re7 25. Rdb1 Rae8 26. a4 Rxb7 27. Rxb7 Re7 28. Rb8+ Kg7 29. a5 Re4 30. Rb7 Rc4 31. Rxa7 Rxc3 32. Rb7 Ra3 33. Qb2 Ra1+ 34. Kh2 Rxa5 35. Qxf6+ Kxf6 36. Rb6 Ke5 37. Rxc6 Ke4 0-1

[Event "CHN-ch"]
[Site "Xinghua Jiangsu"]
[Date "2011.03.30"]
[Round "1"]
[White "Zhang, Ziyang"]
[Black "Zhao, Jun"]
[Result "0-1"]
[WhiteElo "2442"]
[BlackElo "2580"]
[PlyCount "82"]
[EventDate "2011.03.30"]
[EventType "tourn"]
[EventRounds "11"]
[EventCountry "CHN"]
[EventCategory "15"]
[SourceTitle "CBM 142"]
[Source "ChessBase"]
[SourceDate "2011.05.17"]
[SourceVersion "1"]
[SourceVersionDate "2011.05.17"]
[SourceQuality "1"]

1. d4 Nf6 2. c4 g6 3. Nc3 Bg7 4. e4 d6 5. Nf3 0-0 6. Be2 e5 7. 0-0 Na6 8. Be3 Ng4 9. Bg5 Qe8 10. h3 f6 11. Bd2 Nh6 12. dxe5 dxe5 13. Qb3 Nf7 14. Qa3 c6 15. b4 Qe7 16. Rab1 Nc7 17. Be3 Ne6 18. Na4 f5 19. exf5 gxf5 20. Nc5 f4 21. Nxe6 Qxe6 22. Bc5 Re8 23. Rfe1 Qh6 24. b5 e4 25. bxc6 bxc6 26. Nh2 Be6 27. Bf1 Qg6 28. Kh1 Ne5 29. Rb7 Nd3 30. Bxd3 exd3 31. Qc1 Bf7 32. Rxe8+ Rxe8 33. Nf3 Qe6 34. Qxf4 Qxc4 35. Bd4 c5 36. Ne5 Qd5 37. Rd7 Qe6 38. Rxf7 Bxe5 39. Bxe5 Qxf7 40. Qg4+ Qg6 41. Qf4 d2 0-1

[Event "CHN-ch"]
[Site "Xinghua"]
[Date "2010.06.03"]
[Round "10"]
[White "Zhang, Ziyang"]
[Black "Hou, Yifan"]
[Result "1/2-1/2"]
[WhiteElo "2422"]
[BlackElo "2589"]
[PlyCount "79"]
[EventDate "2010.05.24"]
[EventType "tourn"]
[EventRounds "11"]
[EventCountry "CHN"]
[EventCategory "13"]
[SourceTitle "CBM 137"]
[Source "ChessBase"]
[SourceDate "2010.07.15"]
[SourceVersion "1"]
[SourceVersionDate "2010.07.15"]
[SourceQuality "1"]

1. d4 e6 2. Nf3 Nf6 3. c4 d5 4. Nc3 Bb4 5. Qb3 c5 6. cxd5 exd5 7. dxc5 Nc6 8. Bg5 Be6 9. 0-0-0 Qe7 10. Bxf6 gxf6 11. Nxd5 Qxc5+ 12. Qc2 Bxd5 13. Qxc5 Bxc5 14. Rxd5 Bxf2 15. e4 Rg8 16. Kb1 Rd8 17. Bb5 Rxg2 18. Bxc6+ bxc6 19. Rxd8+ Kxd8 20. Rd1+ Kc7 21. Rd2 h5 22. Kc2 Kc8 23. Kd3 Kc7 24. h3 Kc8 25. Kc4 Kc7 26. b4 Kb6 27. Rc2 Kc7 28. Kb3 Kd7 29. Ka4 Kd6 30. a3 Kd7 31. Kb3 Kd6 32. a4 a6 33. a5 Kd7 34. Ka3 Kd6 35. Ka4 Kd7 36. Nd4 Rh2 37. Nxc6 Bg3 38. Rxh2 Bxh2 39. b5 Bc7 40. Nd4 1/2-1/2

[Event "CHN-ch"]
[Site "Xinghua"]
[Date "2010.06.01"]
[Round "8"]
[White "Zhang, Ziyang"]
[Black "Li, Shilong"]
[Result "1/2-1/2"]
[WhiteElo "2422"]
[BlackElo "2514"]
[PlyCount "126"]
[EventDate "2010.05.24"]
[EventType "tourn"]
[EventRounds "11"]
[EventCountry "CHN"]
[EventCategory "13"]
[SourceTitle "CBM 137"]
[Source "ChessBase"]
[SourceDate "2010.07.15"]
[SourceVersion "1"]
[SourceVersionDate "2010.07.15"]
[SourceQuality "1"]

1. d4 Nf6 2. Nf3 g6 3. c4 Bg7 4. Nc3 0-0 5. e4 d6 6. Be2 c5 7. 0-0 Nc6 8. d5 Na5 9. a3 Bg4 10. b4 Bxf3 11. gxf3 cxb4 12. axb4 Nxc4 13. Bxc4 Qc7 14. Qb3 Rfc8 15. Be2 Qxc3 16. Qxc3 Rxc3 17. Be3 Nh5 18. Ra2 Be5 19. Rb1 Nf4 20. Bf1 a6 21. Ra5 Kg7 22. b5 Kf6 23. bxa6 bxa6 24. Rxa6 Rxa6 25. Bxa6 g5 26. Bf1 h5 27. Rb6 Ng6 28. h3 Nh4 29. Be2 Rc2 30. Kf1 Ra2 31. Rb1 Ng6 32. Rd1 Ra4 33. Kg1 Bf4 34. Bd4+ Be5 35. Be3 Nf4 36. Bf1 Rb4 37. Re1 Ng6 38. Rd1 Rb8 39. Be2 Nf4 40. Bf1 Ra8 41. Re1 Rg8 42. Bxf4 Bxf4 43. Kg2 Rb8 44. Re2 Be5 45. Ra2 Bd4 46. Be2 Bc5 47. Rd2 Ke5 48. Rc2 Kf4 49. Rd2 Rb3 50. Rc2 Rb4 51. Rd2 Ke5 52. Bd1 Bd4 53. Re2 Kf4 54. Rc2 Bc5 55. Be2 Rd4 56. Bb5 Ke5 57. Be8 Kf6 58. Rb2 g4 59. hxg4 hxg4 60. fxg4 Rxe4 61. Rb3 Rxg4+ 62. Rg3 Rf4 63. Rf3 Rxf3 1/2-1/2

[Event "CHN-ch"]
[Site "Xinghua"]
[Date "2010.05.27"]
[Round "4"]
[White "Zhang, Ziyang"]
[Black "Bu, Xiangzhi"]
[Result "1/2-1/2"]
[WhiteElo "2422"]
[BlackElo "2681"]
[PlyCount "123"]
[EventDate "2010.05.24"]
[EventType "tourn"]
[EventRounds "11"]
[EventCountry "CHN"]
[EventCategory "13"]
[SourceTitle "CBM 137"]
[Source "ChessBase"]
[SourceDate "2010.07.15"]
[SourceVersion "1"]
[SourceVersionDate "2010.07.15"]
[SourceQuality "1"]

1. d4 d5 2. c4 c6 3. Nc3 Nf6 4. e3 g6 5. Nf3 Bg7 6. Be2 0-0 7. 0-0 e6 8. Qc2 Nbd7 9. b3 b6 10. cxd5 exd5 11. a4 a5 12. Ba3 Re8 13. Rac1 Bb7 14. h3 Ne4 15. Nxe4 Rxe4 16. Bd3 Re8 17. Bd6 Rc8 18. Qe2 Nf8 19. Bg3 Ne6 20. Ba6 Bxa6 21. Qxa6 c5 22. dxc5 Nxc5 23. Qb5 Re4 24. Nd2 Rb4 25. Qe2 Qf6 26. Rfd1 Re8 27. Qf3 Qxf3 28. Nxf3 Nxb3 29. Rc6 d4 30. Bd6 dxe3 31. Bxb4 e2 32. Rb1 axb4 33. Rxb3 e1Q+ 34. Nxe1 Rxe1+ 35. Kh2 Be5+ 36. g3 Bd4 37. Rxb4 Bxf2 38. Rc2 Bc5 39. Rbc4 h5 40. Kg2 Kg7 41. Ra2 Re5 42. Kf3 Re3+ 43. Kg2 Bd6 44. Kf2 Rb3 45. Rac2 Bxg3+ 46. Kg2 Be5 47. h4 Kh6 48. Re2 f6 49. Ree4 Rb2+ 50. Kf1 Bg3 51. Rc6 Be5 52. Rcc4 Rb1+ 53. Kg2 Rd1 54. Rc6 Rd2+ 55. Kf1 Bd4 56. Rf4 Be5 57. Re4 Rb2 58. Rcc4 Bg3 59. Rc6 Rf2+ 60. Kg1 Rf5 61. Kg2 Bf2 62. Rc3 1/2-1/2

[Event "All China Games 4th"]
[Site "Hefei"]
[Date "2010.05.20"]
[Round "11"]
[White "Xu, Yuhua"]
[Black "Zhang, Ziyang"]
[Result "0-1"]
[WhiteElo "2484"]
[BlackElo "2422"]
[PlyCount "44"]
[EventDate "2010.05.17"]
[EventType "swiss (rapid)"]
[EventRounds "11"]
[EventCountry "CHN"]
[SourceTitle "CBM 136 Extra"]
[Source "ChessBase"]
[SourceDate "2010.07.02"]
[SourceVersion "2"]
[SourceVersionDate "2010.07.15"]
[SourceQuality "1"]

1. e4 e5 2. Nf3 d6 3. d4 exd4 4. Nxd4 Nf6 5. Nc3 Be7 6. g3 d5 7. e5 Ng4 8. Bg2 Nxe5 9. Nxd5 Bh3 10. Nxc7+ Qxc7 11. Bxh3 Nbc6 12. Bg2 Rd8 13. Be3 Nxd4 14. Bxd4 Qc4 15. c3 Nd3+ 16. Kd2 Rxd4 17. cxd4 0-0 18. Qe2 Qxd4 19. Qe3 Bg5 20. f4 Qxb2+ 21. Kxd3 Rd8+ 22. Ke4 Qxg2+ 0-1

[Event "All China Games 4th"]
[Site "Hefei"]
[Date "2010.05.19"]
[Round "8"]
[White "Zhang, Ziyang"]
[Black "Li, Shilong"]
[Result "0-1"]
[WhiteElo "2422"]
[BlackElo "2514"]
[PlyCount "120"]
[EventDate "2010.05.17"]
[EventType "swiss (rapid)"]
[EventRounds "11"]
[EventCountry "CHN"]
[SourceTitle "CBM 136 Extra"]
[Source "ChessBase"]
[SourceDate "2010.07.02"]
[SourceVersion "2"]
[SourceVersionDate "2010.07.15"]
[SourceQuality "1"]

1. d4 Nf6 2. Nf3 g6 3. Nbd2 d5 4. e3 Bg7 5. b4 0-0 6. Bb2 a5 7. b5 a4 8. Rc1 c6 9. c4 dxc4 10. bxc6 b5 11. Ne5 Qc7 12. Qf3 Ra6 13. Ndxc4 bxc4 14. Bxc4 Rb6 15. Ba3 Nxc6 16. Nxc6 Rxc6 17. Qxc6 Qxc6 18. Bxf7+ Rxf7 19. Rxc6 Bb7 20. Rc4 Bxg2 21. Rg1 Bd5 22. Rxa4 Ne4 23. Rf1 Bf6 24. Rb4 Bh4 25. Ke2 Nxf2 26. Bb2 e6 27. a4 Kg7 28. e4 Nxe4 29. Rxf7+ Kxf7 30. a5 Be7 31. Rb8 Bh4 32. Rb4 Be7 33. Rb8 Nf6 34. Bc3 Bd6 35. Rb2 Bxh2 36. a6 Ne8 37. Ke3 Bg3 38. Ba5 Bc7 39. Bb4 Bd6 40. Ba5 Bc7 41. Bb4 Nf6 42. a7 Nd7 43. Bc5 g5 44. Rb5 Bc6 45. Rb2 h5 46. Rf2+ Kg6 47. Rc2 Bd5 48. Be7 Bf4+ 49. Kf2 Nb6 50. Rb2 Na8 51. Rb8 h4 52. Rh8 Kf5 53. Rh7 Kg4 54. Bf6 h3 55. Be5 h2 56. Bxf4 h1Q 57. Rxh1 Bxh1 58. Bd6 Nb6 59. Be7 Nc4 60. Bd8 Bd5 0-1

[Event "All China Games 4th"]
[Site "Hefei"]
[Date "2010.05.17"]
[Round "2"]
[White "Zhang, Ziyang"]
[Black "Wang, Hao"]
[Result "1-0"]
[WhiteElo "2422"]
[BlackElo "2722"]
[PlyCount "61"]
[EventDate "2010.05.17"]
[EventType "swiss (rapid)"]
[EventRounds "11"]
[EventCountry "CHN"]
[SourceTitle "CBM 136 Extra"]
[Source "ChessBase"]
[SourceDate "2010.07.02"]
[SourceVersion "2"]
[SourceVersionDate "2010.07.15"]
[SourceQuality "1"]

1. d4 g6 2. Nf3 Bg7 3. g3 Nf6 4. Bg2 0-0 5. 0-0 c5 6. c4 d6 7. Nc3 Nc6 8. dxc5 dxc5 9. Be3 Nd7 10. Qc1 b6 11. Rd1 Bb7 12. Bh6 Rc8 13. Bxg7 Kxg7 14. Bh3 e6 15. Ne4 Nd4 16. Nxd4 Bxe4 17. Nb5 Ra8 18. Qf4 Bc6 19. Bg2 Bxg2 20. Kxg2 Qc8 21. Rd2 Qc6+ 22. f3 e5 23. Qe3 e4 24. f4 a6 25. Rd6 Qb7 26. Rad1 Nf6 27. Rxf6 axb5 28. cxb5 Rxa2 29. Rfd6 Kg8 30. f5 Qc8 31. f6 1-0

[Event "Subic Bay op"]
[Site "Subic Bay"]
[Date "2009.05.27"]
[Round "4"]
[White "Zhang, Ziyang"]
[Black "Nguyen, Thanh Son"]
[Result "1/2-1/2"]
[WhiteElo "2419"]
[BlackElo "2362"]
[PlyCount "80"]
[EventDate "2009.05.25"]
[EventType "swiss"]
[EventRounds "9"]
[EventCountry "PHI"]
[SourceTitle "CBM 130 Extra"]
[Source "ChessBase"]
[SourceDate "2009.07.02"]
[SourceVersion "2"]
[SourceVersionDate "2009.07.15"]
[SourceQuality "1"]

1. d4 Nf6 2. Nf3 d5 3. c4 c6 4. e3 a6 5. Nc3 b5 6. c5 Bg4 7. h3 Bxf3 8. Qxf3 e5 9. Qg3 Nfd7 10. Bd2 g6 11. a4 b4 12. Ne2 a5 13. Nc1 Bg7 14. Nb3 Na6 15. Bd3 Nc7 16. 0-0 Ne6 17. e4 0-0 18. exd5 cxd5 19. c6 Nb6 20. dxe5 Nc4 21. Rfe1 Qb6 22. Be3 Qc7 23. f4 Nxb2 24. Bb5 Nc4 25. Rac1 Nxe3 26. Qxe3 f6 27. Nc5 Nxc5 28. Qxc5 fxe5 29. fxe5 Kh8 30. Qd6 Rac8 31. Kh1 Rfe8 32. Qxd5 Rxe5 33. Qd7 Bf6 34. Rcd1 Rxe1+ 35. Rxe1 Qxd7 36. cxd7 Rd8 37. Re3 Kg7 38. g4 Bg5 39. Rd3 Rf8 40. Kg2 Bd8 1/2-1/2

[Event "Asian Continental op 08th"]
[Site "Subic Bay"]
[Date "2009.05.22"]
[Round "10"]
[White "Bui, Vinh"]
[Black "Zhang, Ziyang"]
[Result "1-0"]
[WhiteElo "2522"]
[BlackElo "2419"]
[PlyCount "107"]
[EventDate "2009.05.13"]
[EventType "swiss"]
[EventRounds "11"]
[EventCountry "PHI"]
[SourceTitle "CBM 130 Extra"]
[Source "ChessBase"]
[SourceDate "2009.07.02"]
[SourceVersion "2"]
[SourceVersionDate "2009.07.15"]
[SourceQuality "1"]

1. d4 d5 2. c4 c6 3. Nc3 Nf6 4. e3 e6 5. Nf3 a6 6. Qc2 c5 7. dxc5 Bxc5 8. a3 0-0 9. b4 Be7 10. cxd5 exd5 11. Bb2 Nc6 12. Rd1 Be6 13. Be2 Qc7 14. 0-0 Rac8 15. Qb1 Rfd8 16. h3 d4 17. exd4 Nd5 18. Nxd5 Bxd5 19. Ne5 Bf6 20. Bg4 Rb8 21. Rfe1 Qd6 22. Bf3 Ne7 23. Be4 Bxe4 24. Qxe4 Nd5 25. Ng4 Rbc8 26. Rc1 Rxc1 27. Rxc1 Qd7 28. Rc5 b6 29. Rc1 Bg5 30. Ne5 Qa4 31. Qc2 Qxc2 32. Rxc2 Kf8 33. g3 Be7 34. Ng4 Bf6 35. Kg2 h5 36. Ne3 Ne7 37. Rc7 b5 38. Kf3 g6 39. Ke4 Re8 40. Kd3 Rd8 41. Bc3 Ke8 42. Ke4 Bg7 43. Rc5 Rc8 44. g4 hxg4 45. hxg4 Kd7 46. g5 Re8 47. Kd3 Rc8 48. d5 Bf8 49. Ng4 Rxc5 50. Nf6+ Kc8 51. bxc5 Bg7 52. Ke4 Nf5 53. d6 Bxf6 54. Bxf6 1-0

[Event "Asian Continental op 08th"]
[Site "Subic Bay"]
[Date "2009.05.20"]
[Round "8"]
[White "Harika, Dronavalli"]
[Black "Zhang, Ziyang"]
[Result "1-0"]
[WhiteElo "2474"]
[BlackElo "2419"]
[PlyCount "51"]
[EventDate "2009.05.13"]
[EventType "swiss"]
[EventRounds "11"]
[EventCountry "PHI"]
[SourceTitle "CBM 130 Extra"]
[Source "ChessBase"]
[SourceDate "2009.07.02"]
[SourceVersion "2"]
[SourceVersionDate "2009.07.15"]
[SourceQuality "1"]

1. d4 d5 2. c4 c6 3. Nf3 Nf6 4. Nc3 e6 5. Bg5 dxc4 6. e4 b5 7. e5 h6 8. Bh4 g5 9. Bg3 Nd5 10. Nd2 Nd7 11. Be2 Bb7 12. a4 a6 13. 0-0 Qb6 14. Nde4 Be7 15. Qd2 b4 16. Nxd5 cxd5 17. a5 Qb5 18. Nd6+ Bxd6 19. exd6 b3 20. f4 gxf4 21. Bh4 Rh7 22. Qxf4 Nf8 23. Bh5 Kd7 24. Bxf7 Rc8 25. Be7 c3 26. Bxf8 1-0

[Event "Asian Continental op 08th"]
[Site "Subic Bay"]
[Date "2009.05.18"]
[Round "6"]
[White "Causo, Deniel"]
[Black "Zhang, Ziyang"]
[Result "0-1"]
[WhiteElo "2367"]
[BlackElo "2419"]
[PlyCount "78"]
[EventDate "2009.05.13"]
[EventType "swiss"]
[EventRounds "11"]
[EventCountry "PHI"]
[SourceTitle "CBM 130 Extra"]
[Source "ChessBase"]
[SourceDate "2009.07.02"]
[SourceVersion "2"]
[SourceVersionDate "2009.07.15"]
[SourceQuality "1"]

1. e4 c5 2. c3 Nf6 3. e5 Nd5 4. d4 cxd4 5. cxd4 Nc6 6. Nc3 Nxc3 7. bxc3 d6 8. f4 dxe5 9. fxe5 Bf5 10. Nf3 e6 11. Bd3 Bxd3 12. Qxd3 Be7 13. 0-0 0-0 14. Qe4 Qd5 15. Qg4 f5 16. Qg3 Rac8 17. Bg5 Rc7 18. Bf6 Ba3 19. Rf2 Kh8 20. Bg5 b5 21. Ne1 h6 22. Bc1 Bxc1 23. Rxc1 Rfc8 24. Rd1 Ne7 25. Rd3 b4 26. cxb4 Rc1 27. Rf1 Qxa2 28. h4 Nd5 29. Qg6 Qe2 30. Qxe6 Ne3 31. Rxe3 Qxe3+ 32. Kh2 Qxd4 33. Qxf5 Qxh4+ 34. Kg1 Re8 35. Nf3 Rxf1+ 36. Kxf1 Qxb4 37. Kg1 a5 38. Qh5 Rc8 39. Ng5 Qe1+ 0-1

[Event "Asian Continental op 08th"]
[Site "Subic Bay"]
[Date "2009.05.16"]
[Round "4"]
[White "Garma, Edgardo"]
[Black "Zhang, Ziyang"]
[Result "0-1"]
[WhiteElo "2421"]
[BlackElo "2419"]
[PlyCount "64"]
[EventDate "2009.05.13"]
[EventType "swiss"]
[EventRounds "11"]
[EventCountry "PHI"]
[SourceTitle "CBM 130 Extra"]
[Source "ChessBase"]
[SourceDate "2009.07.02"]
[SourceVersion "2"]
[SourceVersionDate "2009.07.15"]
[SourceQuality "1"]

1. e4 c5 2. Nf3 d6 3. d4 cxd4 4. Nxd4 Nf6 5. Nc3 Nc6 6. Bg5 e6 7. f4 Be7 8. Be2 a6 9. Bf3 Bd7 10. a4 Rc8 11. Nb3 Na5 12. Qe2 0-0 13. e5 dxe5 14. fxe5 Nd5 15. Bxe7 Nxe7 16. 0-0-0 Nxb3+ 17. cxb3 Qc7 18. Be4 b5 19. Qd3 Rfd8 20. Bxh7+ Kf8 21. Qd6 Qxd6 22. exd6 Nd5 23. axb5 g6 24. bxa6 Kg7 25. a7 Kxh7 26. Kb1 Ra8 27. Nxd5 exd5 28. Rxd5 Rxa7 29. Re1 Rc8 30. Re7 Bf5+ 31. Rxf5 Rxe7 32. dxe7 gxf5 0-1

[Event "Asian Continental op 08th"]
[Site "Subic Bay"]
[Date "2009.05.13"]
[Round "1"]
[White "Zhang, Ziyang"]
[Black "Li, Shilong"]
[Result "0-1"]
[WhiteElo "2419"]
[BlackElo "2557"]
[PlyCount "66"]
[EventDate "2009.05.13"]
[EventType "swiss"]
[EventRounds "11"]
[EventCountry "PHI"]
[SourceTitle "CBM 130 Extra"]
[Source "ChessBase"]
[SourceDate "2009.07.02"]
[SourceVersion "2"]
[SourceVersionDate "2009.07.15"]
[SourceQuality "1"]

1. d4 Nf6 2. Nf3 g6 3. c4 Bg7 4. Nc3 0-0 5. e4 d6 6. Be2 Nbd7 7. 0-0 e5 8. dxe5 dxe5 9. Be3 c6 10. h3 Qe7 11. Qc2 Nh5 12. Rfd1 Nf4 13. Rab1 Nc5 14. Bf1 f5 15. b4 Nce6 16. c5 Kh8 17. exf5 gxf5 18. Rd6 e4 19. Nd4 Nxd4 20. Rxd4 Bxd4 21. Bxd4+ Kg8 22. Ne2 Ng6 23. Ba1 Be6 24. a4 Rad8 25. Nd4 Bd5 26. Re1 Rf7 27. b5 f4 28. Qc3 Qg5 29. a5 a6 30. bxa6 bxa6 31. Nc2 e3 32. Nb4 Bxg2 33. h4 Qg4 0-1

[Event "CHN-chT 4th"]
[Site "China"]
[Date "2008.12.10"]
[Round "18"]
[White "Zhang, Ziyang"]
[Black "Jia, Haoxiang"]
[Result "1/2-1/2"]
[WhiteElo "2384"]
[BlackElo "2331"]
[PlyCount "41"]
[EventDate "2008.12.??"]
[EventType "team-tourn"]
[EventRounds "18"]
[EventCountry "CHN"]
[SourceTitle "EXT 2017"]
[Source "ChessBase"]
[SourceDate "2016.10.25"]
[SourceVersion "1"]
[SourceVersionDate "2016.10.25"]
[SourceQuality "1"]

1. d4 d5 2. c4 c6 3. Nc3 Nf6 4. e3 a6 5. Nf3 b5 6. cxd5 cxd5 7. Bd3 e6 8. Ne5 Be7 9. 0-0 Bb7 10. f4 Nbd7 11. Bd2 g6 12. Qf3 Nb6 13. a3 Nfd7 14. Qh3 Nc4 15. Nxc4 bxc4 16. Bc2 f5 17. g4 Nf6 18. g5 Nd7 19. Na4 Bc6 20. Bc3 Kf7 21. Qg3 1/2-1/2

[Event "CHN-chT Torch Real Estate Cup"]
[Site "Jiangsu Wuxi"]
[Date "2008.10.22"]
[Round "10"]
[White "Wang, Yue"]
[Black "Zhang, Ziyang"]
[Result "1-0"]
[WhiteElo "2689"]
[BlackElo "2384"]
[PlyCount "191"]
[EventDate "2008.05.19"]
[EventType "team-tourn"]
[EventRounds "12"]
[EventCountry "CHN"]
[SourceTitle "EXT 2009"]
[Source "ChessBase"]
[SourceDate "2008.11.26"]
[SourceVersion "1"]
[SourceVersionDate "2008.11.26"]
[SourceQuality "1"]

1. d4 d5 2. c4 c6 3. Nf3 Nf6 4. e3 e6 5. Bd3 Nbd7 6. b3 dxc4 7. bxc4 e5 8. Nbd2 Bd6 9. 0-0 0-0 10. Bb2 Re8 11. Qc2 exd4 12. exd4 Nf8 13. Rfe1 Rxe1+ 14. Rxe1 Bg4 15. Ne5 Bh5 16. Nb3 Bg6 17. Nxg6 Nxg6 18. g3 Qd7 19. Bf5 Qc7 20. Kg2 Rd8 21. Bc3 Qb8 22. Bd2 Bf8 23. Bg5 Qd6 24. h4 h6 25. Bd2 Ne7 26. Bh3 Ng6 27. Bf5 Ne7 28. Bd3 c5 29. Bf4 Qc6+ 30. d5 Nexd5 31. cxd5 Nxd5 32. Be4 Nxf4+ 33. gxf4 Qf6 34. Bxb7 Qxh4 35. Qc4 Rd1 36. Rxd1 Qg4+ 37. Kh2 Qh5+ 38. Kg1 Qg4+ 39. Bg2 Qxd1+ 40. Qf1 Qc2 41. Bd5 Qxa2 42. Qd3 Qa4 43. Qf5 Qe8 44. Na5 Bd6 45. Kg2 a6 46. Nc4 Bc7 47. Nd2 Bd6 48. Ne4 Be7 49. Qg6 Kf8 50. Qh7 Bf6 51. Nxf6 gxf6 52. Qxh6+ Ke7 53. Qh5 Qg8+ 54. Kf1 Qg6 55. Qe2+ Kf8 56. Be4 Qh6 57. Qe3 Qh5 58. Ke1 Kg7 59. f5 Qh4 60. Kd2 Kh7 61. Kd3 Qg4 62. f3 Qg2 63. Qxc5 Qf1+ 64. Kd2 Qa1 65. Qc3 Qa2+ 66. Kd3 Kg7 67. Kd4 Qa4+ 68. Qc4 Qa1+ 69. Kc5 Qg1+ 70. Kc6 Qa7 71. Qc5 Qb8 72. Qb6 Qc8+ 73. Qc7 Qe8+ 74. Kb7 Qa4 75. Qc6 Qb4+ 76. Kxa6 Qa3+ 77. Kb5 Qb3+ 78. Kc5 Qc3+ 79. Kd6 Qd4+ 80. Ke7 Qa7+ 81. Qb7 Qa3+ 82. Ke8 Qf8+ 83. Kd7 Qc5 84. Bd5 Qa3 85. Qc7 Qd3 86. Qg3+ Kf8 87. Qd6+ Kg7 88. Be4 Qe3 89. Qg3+ Kf8 90. Qb8+ Kg7 91. Qb4 Qa7+ 92. Ke8 Kh7 93. Qe7 Qb8+ 94. Kxf7 Qg8+ 95. Kxf6+ Kh8 96. Qe5 1-0

[Event "Manila Pichay Cup 4th"]
[Site "Manila"]
[Date "2008.09.18"]
[Round "8"]
[White "Zhang, Ziyang"]
[Black "Bancod, Ronald"]
[Result "1-0"]
[WhiteElo "2441"]
[BlackElo "2375"]
[PlyCount "81"]
[EventDate "2008.09.14"]
[EventType "swiss"]
[EventRounds "9"]
[EventCountry "PHI"]
[SourceTitle "CBM 126 Extra"]
[Source "ChessBase"]
[SourceDate "2008.11.05"]
[SourceVersion "1"]
[SourceVersionDate "2008.11.05"]
[SourceQuality "1"]

1. d4 Nf6 2. Nf3 g6 3. Bg5 Bg7 4. Nbd2 0-0 5. e4 d6 6. c3 h6 7. Bh4 c5 8. dxc5 dxc5 9. Bc4 Nc6 10. Qe2 Nh5 11. Qe3 Qc7 12. Qxc5 Nf4 13. 0-0 b6 14. Qe3 Na5 15. Bd5 Rb8 16. Bg3 g5 17. h4 Bf6 18. hxg5 hxg5 19. b4 Nb7 20. Bxb7 Bxb7 21. e5 Bg7 22. Nxg5 Qc6 23. Ndf3 Nd5 24. Qd3 Qh6 25. e6 f6 26. Bxb8 fxg5 27. Bg3 Bxc3 28. Rac1 Bf6 29. Rfd1 Kg7 30. Nd4 Kh8 31. b5 Nf4 32. Bxf4 gxf4 33. Nc6 Rg8 34. Qf3 Rg5 35. Rd5 Rxd5 36. Qxd5 f3 37. Rd1 fxg2 38. Qxg2 Kh7 39. Qe4+ Kg7 40. Qg4+ Kh7 41. Kg2 1-0

[Event "Manila Pichay Cup 4th"]
[Site "Manila"]
[Date "2008.09.16"]
[Round "4"]
[White "Zhang, Ziyang"]
[Black "Megaranto, Susanto"]
[Result "1/2-1/2"]
[WhiteElo "2441"]
[BlackElo "2532"]
[PlyCount "35"]
[EventDate "2008.09.14"]
[EventType "swiss"]
[EventRounds "9"]
[EventCountry "PHI"]
[SourceTitle "CBM 126 Extra"]
[Source "ChessBase"]
[SourceDate "2008.11.05"]
[SourceVersion "1"]
[SourceVersionDate "2008.11.05"]
[SourceQuality "1"]

1. d4 Nf6 2. Nf3 e6 3. c4 b6 4. g3 Ba6 5. Qc2 Bb7 6. Bg2 c5 7. d5 exd5 8. cxd5 d6 9. Nc3 Be7 10. 0-0 0-0 11. Nd2 Na6 12. Nc4 b5 13. Nxb5 Nb4 14. Qd1 Bxd5 15. Nbxd6 Bxd6 16. Nxd6 Qxd6 17. e4 Nxe4 18. Bxe4 1/2-1/2

[Event "Manila PGMA Cup 3rd"]
[Site "Manila"]
[Date "2008.09.11"]
[Round "7"]
[White "Atutubo, Rodrigo"]
[Black "Zhang, Ziyang"]
[Result "0-1"]
[WhiteElo "2312"]
[BlackElo "2441"]
[PlyCount "74"]
[EventDate "2008.09.07"]
[EventType "swiss"]
[EventRounds "9"]
[EventCountry "PHI"]
[SourceTitle "CBM 126 Extra"]
[Source "ChessBase"]
[SourceDate "2008.11.05"]
[SourceVersion "1"]
[SourceVersionDate "2008.11.05"]
[SourceQuality "1"]

1. e4 c5 2. c3 d6 3. d4 Nf6 4. f3 Nbd7 5. Be3 g6 6. Bd3 Bg7 7. Ne2 0-0 8. 0-0 Qc7 9. Nd2 b6 10. a4 a6 11. b4 Bb7 12. Qe1 e5 13. bxc5 dxc5 14. d5 Ne8 15. Qh4 Nd6 16. c4 f5 17. exf5 Nxf5 18. Bxf5 gxf5 19. Bh6 Bxh6 20. Qxh6 Rf6 21. Qh5 Kh8 22. g4 Rg8 23. Ng3 fxg4 24. fxg4 Rf4 25. g5 b5 26. axb5 axb5 27. Rae1 Qd8 28. Nde4 bxc4 29. Rxf4 exf4 30. Nd6 Bxd5 31. Rd1 Qxg5 32. Rxd5 Qxh5 33. Rxh5 c3 34. Nf7+ Kg7 35. Nh6 fxg3 36. Nxg8 c2 37. Rg5+ Kh8 0-1